LEADER 00749naa a2200169 i 4500 001 000000320529 003 CaOOAMICUS 005 20180831173328.0 008 180831n it u000 u ita u 013 $a30692 040 $aSeMil$bita 245 10$aCaro laico non idolatrare l'ateismo. Il credente resti aperto all'inatteso. 650 4$aFede.$0(OLS)http://semarc/subject/589 650 4$aAteismo.$0(OLS)http://semarc/subject/2022 650 4$aVita cristiana.$0(OLS)http://semarc/subject/4445 773 0 $aFazzini, Lorenzo <1978->$tAnima per l'Europa.$dMilano : Paoline, 2011.$kLibroteca Paoline$z978-88-315-4081-0$gp.109-122$w()221359 996 $6245$aCaro laico non idolatrare l'ateismo. Il credente resti aperto all'inatteso$9(OLS)http://semarc/title/394153 LEADER 00564nab a2200169 i 4500 001 000000315021 003 CaOOAMICUS 005 20180831173142.0 008 180831n xx uu u0 0und r 013 $a24110 040 $aSeMil$bita 100 1 $aGalbiati, Enrico Rodolfo,$c.$0(OLS)http://semarc/name/5351 245 10$aMons. Giovanni Galbiati: necrologio. 773 0 $t[Gennaio-Dicembre].$g479-481$w()274269 900 1 $aGalbiati, Enrico. 996 $6245$aMons. Giovanni Galbiati: necrologio$9(OLS)http://semarc/title/389137